Word Waterfall: Typing Challenge Quiz Stats

 Plays Quiz not verified by Sporcle

Support Sporcle.
Go Orange.
Score 0/50 Timer 01:00
1 Play Today
% Correct
HAT
96.4%
WEEK
92.1%
MUSIC
92%
SOUP
86.4%
EAR
84.2%
WORLD
79.6%
MENU
79.3%
LAW
78.2%
GOAL
77.3%
KING
77.1%
THING
76.5%
FOOD
75.8%
TEA
74.8%
CHILD
73%
PHONE
71.9%
UNIT
68.5%
AREA
68.1%
DIRT
67.7%
DISK
67.7%
WIFE
67.5%
DAD
67.3%
ROAD
66.5%
HAIR
66.1%
NIGHT
65.9%
APPLE
65.8%
% Correct
SON
63.5%
SKILL
63.2%
LIFE
61.7%
GIRL
61.7%
MOOD
61.5%
BUYER
61.1%
TRUTH
60.9%
HOTEL
60%
YEAR
59.4%
HALL
59.4%
SCENE
58.8%
ART
58.6%
RATIO
58.5%
OWNER
58%
MALL
57.4%
DEPTH
57.3%
VIDEO
56.8%
DRAMA
56.3%
MUD
56.2%
MODE
55.4%
TALE
55.3%
STORY
55%
MEDIC
53.6%
PHOTO
52.9%
TOWN
51.5%

You're not logged in!

Compare scores with friends on all Sporcle quizzes.
OR
Log In

From the Vault

German: Colors

by SporcleAdmin

You want to learn these numbers so you know how to ask for more than one beer next time you are in Germany
Remove Ads.
Support Sporcle.
Get the best of Sporcle when you Go Orange. This ad-free experience offers more features, more stats, and more fun while also helping to support Sporcle. Thank you for becoming a member.

Show Comments

Extras

Top Quizzes Today


Score Distribution

Your Account Isn't Verified!

In order to create a playlist on Sporcle, you need to verify the email address you used during registration. Go to your Sporcle Settings to finish the process.

Report this User

Report this user for behavior that violates our Community Guidelines.

Details: